| 000 | 00977cam a2200265 i 4500 | ||
|---|---|---|---|
| 001 | 45975 | ||
| 003 | Mx-PuUPA | ||
| 005 | 20220919082712.0 | ||
| 008 | 140415s1985 pum gr 000 0 spa d | ||
| 040 |
_aMx-PuUPA _bspa _cMx-PuUPA _dMx-PuUPA _erda |
||
| 041 | 0 | _aspa | |
| 043 |
_2mx-mxbn _bn-mx-pue |
||
| 110 | 2 |
_aUniversidad Popular Autónoma del Estado de Puebla, _96081 |
|
| 245 | 1 | 0 |
_aReglamento de los consejos académicos de las escuelas o facultades universitarias / _cUniversidad Popular Autónoma del Estado de Puebla |
| 264 | 1 |
_a[Puebla, Puebla] : _bUniversidad Popular Autónoma del Estado de Puebla, _c1985 |
|
| 300 |
_a8 páginas ; _c22 cm |
||
| 336 |
_2rdacontent _atexto _btxt |
||
| 337 |
_2rdamedia _asin medio _bn |
||
| 338 |
_2rdacarrier _avolumen _bnc |
||
| 650 | 7 |
_aAutonomía universitaria _2armarc |
|
| 650 | 7 |
_aUniversidad _xReglamento _2armarc |
|
| 942 |
_2ddc _h378.195 _iR333 _cLI |
||
| 999 |
_c45975 _d45975 |
||